[Event "VIII Iberoamericano Mexico 2022"]
[Site "Mexico City"]
[Date "2022.02.18"]
[Round "7.42"]
[White "Martinez Morales, Geovanni"]
[Black "Alvarado Zuniga, Noe"]
[Result "1-0"]
[WhiteElo "2098"]
[BlackElo "1666"]
[Annotator "NA"]
[PlyCount "139"]
[EventDate "2022.02.12"]
[EventType "swiss"]
[EventCountry "MEX"]
[SourceTitle "playchess.com"]
[Source "ChessBase"]
[SourceQuality "1"]
[TimeControl "5400+30"]

1. e4 {[%emt 0:00:04]} g6 {[%emt 0:04:09]} 2. d4 {[%emt 0:00:11]} Bg7 {[%emt 0:00:07]} 3. Nc3 {[%emt 0:00:07]} d6 {[%emt 0:00:08]} 4. f4 {[%emt 0:00:05]} Nf6 {[%emt 0:00:56]} 5. Nf3 {[%emt 0:00:16]} O-O {[%emt 0:00:12]} 6. Be3 {[%emt 0:02:03]} Ng4 {[%emt 0:04:34]} 7. Bg1 {[%emt 0:00:23]} e5 {[%emt 0:01:16]} 8. h3 {[%emt 0:01:39]} exd4 {[%emt 0:00:43]} 9. Bxd4 {[%emt 0:00:39]} Nf6 {[%emt 0:00:15]} 10. Bd3 {[%emt 0:07:36]} Nc6 {[%emt 0:00:53]} 11. Be3 {[%emt 0:01:12]} Qe7 {[%emt 0:11:13]} 12. O-O {[%emt 0:00:32]} Bf5 {[%emt 0:08:52]} 13. Nd2 {[%emt 0:15:43]} Nb4 {[%emt 0:14:36]} 14. Qf3 {[%emt 0:02:05]} Bd7 {[%emt 0:10:52]} 15. Rac1 {[%emt 0:07:11]} Nxd3 {[%emt 0:01:48]} 16. cxd3 {[%emt 0:00:11]} a6 {[%emt 0:04:24]} 17. Rfe1 {[%emt 0:04:23]} Rfe8 {[%emt 0:03:16]} 18. Bf2 {[%emt 0:02:14]} c6 {[%emt 0:01:28]} 19. Bh4 {[%emt 0:03:35]} Qf8 {[%emt 0:01:14]} 20. Nc4 {[%emt 0:06:38]} d5 {[%emt 0:06:16]} 21. Nb6 {[%emt 0:02:31]} dxe4 {[%emt 0:01:08]} 22. dxe4 {[%emt 0:01:01]} Qb4 {[%emt 0:08:44]} 23. Nxa8 {[%emt 0:02:34]} Rxa8 {[%emt 0:00:02]} 24. b3 {[%emt 0:10:48]} h6 {[%emt 0:03:34]} 25. Red1 {[%emt 0:05:38]} Be6 {[%emt 0:01:57]} 26. Kh1 {[%emt 0:01:03]} Re8 {[%emt 0:01:07]} 27. Bf2 {[%emt 0:02:53]} Qa5 {[%emt 0:01:53]} 28. Bd4 {[%emt 0:04:09]} Bc8 {[%emt 0:00:26]} 29. e5 {[%emt 0:03:49]} Nh7 {[%emt 0:01:36]} 30. Na4 {[%emt 0:03:47]} Be6 {[%emt 0:01:29]} 31. Bb6 {[%emt 0:00:35]} Qb4 {[%emt 0:00:29]} 32. Qc3 {[%emt 0:01:48]} Qxf4 {[%emt 0:00:15]} 33. Re1 {[%emt 0:01:18]} Bd5 {[%emt 0:00:50]} 34. Bd4 {[%emt 0:02:14]} Ng5 {[%emt 0:00:34]} 35. Rcd1 {[%emt 0:00:44]} Qh4 {[%emt 0:02:24]} 36. Re3 {[%emt 0:03:07]} Ne4 {[%emt 0:01:09]} 37. Qe1 {[%emt 0:01:20]} Qh5 {[%emt 0:01:13]} 38. Kg1 {[%emt 0:01:13]} Bxe5 {[%emt 0:01:00]} 39. Bxe5 {[%emt 0:00:22]} Rxe5 {[%emt 0:00:25]} 40. Nb6 {[%emt 0:00:32]} f5 {[%emt 0:00:59]} 41. Nxd5 {[%emt 0:00:24]} cxd5 {[%emt 0:00:02]} 42. Rc1 {[%emt 0:00:40]} d4 {[%emt 0:00:34]} 43. Rc8+ {[%emt 0:00:52]} Kf7 {[%emt 0:00:15]} 44. Qb4 {[%emt 0:01:11]} dxe3 {[%emt 0:01:05]} 45. Qf8+ {[%emt 0:00:38]} Ke6 {[%emt 0:00:01]} 46. Qg8+ {[%emt 0:00:52]} Kf6 {[%emt 0:01:36]} 47. Qd8+ {[%emt 0:00:36]} Ke6 {[%emt 0:00:05]} 48. Qg8+ {[%emt 0:00:27]} Kf6 {[%emt 0:01:12]} 49. Qh8+ {[%emt 0:00:32]} Kg5 {[%emt 0:00:10]} 50. Qxe5 {[%emt 0:00:17]} Qd1+ {[%emt 0:00:10]} 51. Kh2 {[%emt 0:00:03]} e2 {[%emt 0:00:19]} 52. Qe7+ {[%emt 0:00:26]} Kh5 {[%emt 0:01:52]} 53. g4+ {[%emt 0:00:16]} fxg4 {[%emt 0:00:02]} 54. hxg4+ {[%emt 0:00:05]} Kxg4 {[%emt 0:00:11]} 55. Qxe4+ {[%emt 0:00:09]} Kh5 {[%emt 0:00:14]} 56. Rc5+ {[%emt 0:00:24]} g5 {[%emt 0:00:09]} 57. Qe8+ {[%emt 0:00:35]} Kg4 {[%emt 0:00:29]} 58. Qe4+ {[%emt 0:01:02]} Kh5 {[%emt 0:00:05]} 59. Qe8+ {[%emt 0:00:22]} Kg4 {[%emt 0:00:05]} 60. Rc4+ {[%emt 0:00:51]} Kf3 {[%emt 0:00:36]} 61. Qh5+ {[%emt 0:00:42]} Kf2 {[%emt 0:00:23]} 62. Qf7+ {[%emt 0:00:43]} Ke3 {[%emt 0:00:10]} 63. Qe6+ {[%emt 0:00:21]} Kf2 {[%emt 0:00:52]} 64. Qb6+ {[%emt 0:01:17]} Kf3 {[%emt 0:00:46]} 65. Qxb7+ {[%emt 0:00:25]} Ke3 {[%emt 0:00:58]} 66. Qe7+ {[%emt 0:00:36]} Kf3 {[%emt 0:00:38]} 67. Qf6+ {[%emt 0:00:20]} Ke3 {[%emt 0:00:16]} 68. Qe5+ {[%emt 0:00:17]} Kf2 {[%emt 0:00:55]} 69. Qg3+ {[%emt 0:00:15]} Kf1 {[%emt 0:00:15]} 70. Qg1# {[%emt 0:00:09]} 1-0

[Event "VIII Iberoamericano Mexico 2022"]
[Site "Mexico City"]
[Date "2022.02.18"]
[Round "7.43"]
[White "Martinez de La Trinidad, Alexandra"]
[Black "Ruiz Perez, Juan Octavio"]
[Result "0-1"]
[WhiteElo "1843"]
[BlackElo "2074"]
[Annotator "NA"]
[PlyCount "34"]
[EventDate "2022.02.12"]
[EventType "swiss"]
[EventCountry "MEX"]
[SourceTitle "playchess.com"]
[Source "ChessBase"]
[SourceQuality "1"]
[TimeControl "5400+30"]

1. d4 {[%emt 0:00:09]} Nf6 {[%emt 0:00:08]} 2. c4 {[%emt 0:00:04]} g6 {[%emt 0:00:59]} 3. g3 {[%emt 0:00:00]} c6 {[%emt 0:00:30]} 4. Bg2 {[%emt 0:00:13]} d5 {[%emt 0:00:31]} 5. b3 {[%emt 0:00:00]} Bg7 {[%emt 1:30:52]} 6. Nf3 {[%emt 1:33:04]} O-O {[%emt 0:00:00]} 7. O-O {[%emt 0:00:00]} Ne4 {[%emt 0:01:00]} 8. Bb2 {[%emt 0:01:00]} a5 {[%emt 0:00:00]} 9. Nbd2 a4 10. Nxe4 {[%emt 0:00:00]} dxe4 {[%emt 0:00:00]} 11. Nd2 {[%emt 0:00:00]} f5 {[%emt 0:00:00]} 12. e3 {[%emt 0:00:00]} c5 {[%emt 0:00:00]} 13. f3 {[%emt 0:00:00]} a3 {[%emt 0:00:00]} 14. Bc3 {[%emt 0:00:00]} cxd4 {[%emt 0:00:00]} 15. exd4 {[%emt 0:00:00]} Bxd4+ {[%emt 0:00:00]} 16. Bxd4 {[%emt 0:00:00]} Qxd4+ {[%emt 0:00:00]} 17. Kh1 {[%emt 0:00:00]} e3 {[%emt 0:00:00]} 0-1

[Event "VIII Iberoamericano Mexico 2022"]
[Site "Mexico City"]
[Date "2022.02.18"]
[Round "7.44"]
[White "Mares Arellano, Juan Antoni"]
[Black "Zarate Manjarrez, Alfredo"]
[Result "0-1"]
[WhiteElo "1812"]
[BlackElo "2026"]
[Annotator "NA"]
[PlyCount "88"]
[EventDate "2022.02.12"]
[EventType "swiss"]
[EventCountry "MEX"]
[SourceTitle "playchess.com"]
[Source "ChessBase"]
[SourceQuality "1"]
[TimeControl "5400+30"]

1. e4 {[%emt 0:00:10]} c5 {[%emt 0:00:05]} 2. Nf3 {[%emt 0:00:04]} e6 {[%emt 0:00:16]} 3. d4 {[%emt 0:00:10]} cxd4 {[%emt 0:00:05]} 4. Nxd4 {[%emt 0:00:06]} Nf6 {[%emt 0:00:47]} 5. Bd3 {[%emt 0:03:43]} d6 {[%emt 0:02:29]} 6. O-O {[%emt 0:00:19]} Be7 {[%emt 0:02:55]} 7. b3 {[%emt 0:02:46]} O-O {[%emt 0:08:39]} 8. Bb2 {[%emt 0:00:58]} b6 {[%emt 0:01:59]} 9. c4 {[%emt 0:01:29]} Bb7 {[%emt 0:00:10]} 10. Qe2 {[%emt 0:00:04]} Nbd7 {[%emt 0:03:35]} 11. Nc3 {[%emt 0:04:36]} a6 {[%emt 0:02:00]} 12. Rad1 {[%emt 0:00:21]} Qc7 {[%emt 0:00:09]} 13. Bb1 {[%emt 0:04:00]} Rfe8 {[%emt 0:01:31]} 14. f4 {[%emt 0:02:39]} Bf8 {[%emt 0:01:39]} 15. Rf3 {[%emt 0:04:49]} g6 {[%emt 0:25:04]} 16. Nc2 {[%emt 0:07:37]} Bg7 {[%emt 0:06:28]} 17. Ne1 {[%emt 0:03:06]} Rad8 {[%emt 0:04:24]} 18. Rc1 {[%emt 0:13:28]} Qb8 {[%emt 0:03:06]} 19. b4 {[%emt 0:07:25]} Rc8 {[%emt 0:02:06]} 20. g3 {[%emt 0:05:10]} h5 {[%emt 0:02:11]} 21. Rf1 {[%emt 0:01:59]} Qa7 {[%emt 0:04:34]} 22. Bd3 {[%emt 0:07:31]} b5+ {[%emt 0:03:07]} 23. Kg2 {[%emt 0:01:33]} bxc4 {[%emt 0:07:47]} 24. Bxc4 {[%emt 0:03:52]} Nxe4 {[%emt 0:01:04]} 25. Nxe4 {[%emt 0:03:48]} Bxe4+ {[%emt 0:02:53]} 26. Qxe4 {[%emt 0:00:18]} Bxb2 {[%emt 0:00:02]} 27. Rd1 {[%emt 0:02:45]} d5 {[%emt 0:00:23]} 28. Qe2 {[%emt 0:00:12]} Rxc4 {[%emt 0:01:46]} 29. Qxb2 {[%emt 0:00:13]} Rec8 {[%emt 0:00:14]} 30. Rf2 {[%emt 0:02:04]} Qb7 {[%emt 0:00:07]} 31. Nd3 {[%emt 0:01:52]} d4+ {[%emt 0:00:53]} 32. Kg1 {[%emt 0:00:23]} Qb6 {[%emt 0:00:47]} 33. Rb1 {[%emt 0:04:05]} Nf6 {[%emt 0:00:33]} 34. Nc5 {[%emt 0:00:10]} Ng4 {[%emt 0:00:49]} 35. Rd2 {[%emt 0:00:28]} a5 {[%emt 0:02:35]} 36. a3 {[%emt 0:00:50]} axb4 {[%emt 0:00:25]} 37. axb4 {[%emt 0:00:22]} Ne3 {[%emt 0:02:47]} 38. Qb3 {[%emt 0:04:47]} R8xc5 {[%emt 0:04:07]} 39. bxc5 {[%emt 0:01:22]} Rc1+ {[%emt 0:00:01]} 40. Kf2 {[%emt 0:04:35]} Qc6 {[%emt 0:03:27]} 41. Qb8+ {[%emt 0:00:53]} Kh7 {[%emt 0:00:01]} 42. Rxd4 {[%emt 0:01:12]} Ng4+ {[%emt 0:00:36]} 43. Ke2 {[%emt 0:00:32]} Qg2+ {[%emt 0:00:02]} 44. Kd3 {[%emt 0:00:01]} Qc2# {[%emt 0:02:24]} 0-1

[Event "VIII Iberoamericano Mexico 2022"]
[Site "Mexico City"]
[Date "2022.02.18"]
[Round "7.45"]
[White "Diaz Gonzalez Jardon, Emmanuel"]
[Black "Ocampo, Cristina"]
[Result "0-1"]
[WhiteElo "1807"]
[BlackElo "2024"]
[Annotator "NA"]
[PlyCount "104"]
[EventDate "2022.02.12"]
[EventType "swiss"]
[EventCountry "MEX"]
[SourceTitle "playchess.com"]
[Source "ChessBase"]
[SourceQuality "1"]
[TimeControl "5400+30"]

1. d4 {[%emt 0:03:46]} d5 {[%emt 0:00:11]} 2. Nf3 {[%emt 0:00:34]} Nf6 {[%emt 0:00:07]} 3. e3 {[%emt 0:01:53]} e6 {[%emt 0:00:31]} 4. Bd3 {[%emt 0:00:24]} c5 {[%emt 0:01:29]} 5. c3 {[%emt 0:00:10]} Nc6 {[%emt 0:01:02]} 6. O-O {[%emt 0:00:25]} Bd6 {[%emt 0:01:00]} 7. Nbd2 {[%emt 0:01:58]} O-O {[%emt 0:00:27]} 8. Re1 {[%emt 0:02:25]} e5 {[%emt 0:06:49]} 9. dxe5 {[%emt 0:04:08]} Nxe5 {[%emt 0:00:15]} 10. Nxe5 {[%emt 0:00:11]} Bxe5 {[%emt 0:00:38]} 11. Nf3 {[%emt 0:00:17]} Bd6 {[%emt 0:01:14]} 12. b3 {[%emt 0:04:40]} Bg4 {[%emt 0:11:03]} 13. h3 {[%emt 0:01:14]} Bh5 {[%emt 0:01:24]} 14. Bb2 {[%emt 0:01:24]} Re8 {[%emt 0:00:28]} 15. Qe2 {[%emt 0:09:22]} Qc7 {[%emt 0:05:31]} 16. Bf5 {[%emt 0:05:16]} Rad8 {[%emt 0:05:22]} 17. Qc2 {[%emt 0:11:22]} Bxf3 {[%emt 0:14:01]} 18. gxf3 {[%emt 0:00:07]} g6 {[%emt 0:00:06]} 19. Bd3 {[%emt 0:00:19]} Nd7 {[%emt 0:00:07]} 20. c4 {[%emt 0:07:03]} Be5 {[%emt 0:00:40]} 21. f4 {[%emt 0:11:25]} Bxb2 {[%emt 0:00:29]} 22. Qxb2 {[%emt 0:00:08]} d4 {[%emt 0:06:28]} 23. exd4 {[%emt 0:00:20]} Rxe1+ {[%emt 0:01:50]} 24. Rxe1 {[%emt 0:00:08]} cxd4 {[%emt 0:00:01]} 25. b4 {[%emt 0:09:52]} Nf6 {[%emt 0:04:09]} 26. f5 {[%emt 0:03:00]} Qf4 {[%emt 0:01:12]} 27. fxg6 {[%emt 0:00:51]} hxg6 {[%emt 0:00:07]} 28. Qc1 {[%emt 0:03:47]} Qh4 {[%emt 0:04:03]} 29. Kg2 {[%emt 0:00:15]} Kg7 {[%emt 0:00:52]} 30. Qa3 {[%emt 0:12:53]} Nh5 {[%emt 0:09:02]} 31. Bf1 {[%emt 0:01:53]} d3 {[%emt 0:04:11]} 32. Qb2+ {[%emt 0:00:03]} Kg8 {[%emt 0:00:40]} 33. Rd1 {[%emt 0:00:37]} Qxc4 {[%emt 0:01:39]} 34. Qe5 {[%emt 0:00:25]} Qc6+ {[%emt 0:01:41]} 35. Kg1 {[%emt 0:00:59]} Qf3 {[%emt 0:01:13]} 36. Qg5 {[%emt 0:00:01]} Rd5 {[%emt 0:00:36]} 37. Qg4 {[%emt 0:00:55]} Qf6 {[%emt 0:06:31]} 38. Bg2 {[%emt 0:00:01]} Rd4 {[%emt 0:06:57]} 39. Qc8+ {[%emt 0:00:06]} Kg7 {[%emt 0:00:02]} 40. Qxb7 {[%emt 0:00:08]} Nf4 {[%emt 0:00:21]} 41. a3 {[%emt 0:00:30]} Qg5 {[%emt 0:01:18]} 42. Qf3 {[%emt 0:01:10]} d2 {[%emt 0:00:17]} 43. Kh2 {[%emt 0:00:36]} Rd3 {[%emt 0:02:31]} 44. Qe4 {[%emt 0:01:09]} f5 {[%emt 0:01:58]} 45. Qb7+ {[%emt 0:00:09]} Kh6 {[%emt 0:00:07]} 46. Qa8 {[%emt 0:00:08]} Rd8 {[%emt 0:00:11]} 47. Qf3 {[%emt 0:00:19]} Rd3 {[%emt 0:01:19]} 48. Qa8 {[%emt 0:00:14]} Rd8 {[%emt 0:00:10]} 49. Qc6 {[%emt 0:06:00]} Nd3 {[%emt 0:02:40]} 50. Bf3 {[%emt 0:00:30]} Qf4+ {[%emt 0:00:30]} 51. Kg2 {[%emt 0:00:30]} Ne1+ {[%emt 0:00:30]} 52. Kg1 {[%emt 0:00:30]} Nd3 0-1

[Event "VIII Iberoamericano Mexico 2022"]
[Site "Mexico City"]
[Date "2022.02.18"]
[Round "7.46"]
[White "Martin Del Campo C., Jorge"]
[Black "Garcia Lopez, Miguel Angel"]
[Result "1-0"]
[WhiteElo "2019"]
[BlackElo "2262"]
[Annotator "NA"]
[PlyCount "99"]
[EventDate "2022.02.12"]
[EventType "swiss"]
[EventCountry "MEX"]
[SourceTitle "playchess.com"]
[Source "ChessBase"]
[SourceQuality "1"]
[TimeControl "5400+30"]

1. e4 {[%emt 0:00:04]} e5 {[%emt 0:03:28]} 2. Nf3 {[%emt 0:00:10]} Nc6 {[%emt 0:00:06]} 3. Bb5 {[%emt 0:00:12]} Nf6 {[%emt 0:00:21]} 4. d3 {[%emt 0:00:27]} Bc5 {[%emt 0:00:59]} 5. Bxc6 {[%emt 0:00:19]} dxc6 {[%emt 0:00:17]} 6. Nbd2 {[%emt 0:00:22]} O-O {[%emt 0:08:34]} 7. O-O {[%emt 0:01:54]} Re8 {[%emt 0:02:48]} 8. Nc4 {[%emt 0:01:50]} Nd7 {[%emt 0:02:56]} 9. c3 {[%emt 0:05:25]} Bb6 {[%emt 0:13:30]} 10. a4 {[%emt 0:12:22]} a6 {[%emt 0:03:38]} 11. a5 {[%emt 0:04:47]} Ba7 {[%emt 0:00:07]} 12. Qe2 {[%emt 0:01:31]} f6 {[%emt 0:06:33]} 13. Rd1 {[%emt 0:01:52]} Qe7 {[%emt 0:01:39]} 14. b3 {[%emt 0:03:48]} Nc5 {[%emt 0:04:42]} 15. Ba3 {[%emt 0:05:35]} Qf7 {[%emt 0:01:37]} 16. Rab1 {[%emt 0:07:09]} Ne6 {[%emt 0:04:17]} 17. Bc1 {[%emt 0:01:03]} Nc5 {[%emt 0:11:54]} 18. b4 {[%emt 0:00:48]} Ne6 {[%emt 0:00:28]} 19. Be3 {[%emt 0:00:12]} Bxe3 {[%emt 0:01:06]} 20. fxe3 {[%emt 0:00:57]} Qg6 {[%emt 0:02:01]} 21. Nh4 {[%emt 0:02:30]} Qf7 {[%emt 0:02:12]} 22. Rf1 {[%emt 0:00:36]} Nf8 {[%emt 0:01:02]} 23. Nf5 {[%emt 0:01:52]} Kh8 {[%emt 0:01:32]} 24. Qf3 {[%emt 0:06:50]} Bxf5 {[%emt 0:02:28]} 25. Qxf5 {[%emt 0:00:39]} Qd7 {[%emt 0:00:16]} 26. Rbd1 {[%emt 0:00:40]} Qxf5 {[%emt 0:05:39]} 27. exf5 {[%emt 0:01:27]} Rad8 {[%emt 0:00:54]} 28. Kf2 {[%emt 0:01:20]} Kg8 {[%emt 0:01:51]} 29. d4 {[%emt 0:00:22]} exd4 {[%emt 0:01:11]} 30. cxd4 {[%emt 0:01:19]} g6 {[%emt 0:04:13]} 31. g4 {[%emt 0:01:26]} Rd5 {[%emt 0:03:08]} 32. Ke2 {[%emt 0:01:22]} Kg7 {[%emt 0:00:25]} 33. Kd3 {[%emt 0:01:36]} Rdd8 {[%emt 0:03:02]} 34. e4 {[%emt 0:01:19]} Nd7 {[%emt 0:00:29]} 35. Ke3 {[%emt 0:00:40]} Re7 {[%emt 0:00:25]} 36. Rfe1 {[%emt 0:01:59]} Nf8 {[%emt 0:01:31]} 37. h4 {[%emt 0:02:25]} h6 {[%emt 0:02:21]} 38. e5 {[%emt 0:03:40]} Rd5 {[%emt 0:01:05]} 39. Kf4 {[%emt 0:08:05]} g5+ {[%emt 0:01:25]} 40. hxg5 {[%emt 0:00:32]} hxg5+ {[%emt 0:00:02]} 41. Ke4 {[%emt 0:01:51]} Rb5 {[%emt 0:00:37]} 42. Rb1 {[%emt 0:02:05]} fxe5 {[%emt 0:00:11]} 43. dxe5 {[%emt 0:01:55]} Nd7 {[%emt 0:00:09]} 44. Kd4 {[%emt 0:01:53]} Rd5+ {[%emt 0:00:14]} 45. Kc3 {[%emt 0:02:52]} Nxe5 {[%emt 0:00:14]} 46. Re3 {[%emt 0:01:16]} Kf6 {[%emt 0:01:17]} 47. Rbe1 {[%emt 0:06:30]} c5 {[%emt 0:01:21]} 48. Nxe5 {[%emt 0:00:39]} Rdxe5 {[%emt 0:00:32]} 49. Rxe5 {[%emt 0:00:17]} cxb4+ {[%emt 0:00:06]} 50. Kd4 {[%emt 0:00:37]} 1-0

[Event "VIII Iberoamericano Mexico 2022"]
[Site "Mexico City"]
[Date "2022.02.18"]
[Round "7.47"]
[White "Nava Ruiz, Miguel Angel"]
[Black "Guerrero Rodriguez, Alejandra"]
[Result "1-0"]
[WhiteElo "1696"]
[BlackElo "2019"]
[Annotator "NA"]
[PlyCount "91"]
[EventDate "2022.02.12"]
[EventType "swiss"]
[EventCountry "MEX"]
[SourceTitle "playchess.com"]
[Source "ChessBase"]
[SourceQuality "1"]
[TimeControl "5400+30"]

1. d4 {[%emt 0:00:04]} e6 {[%emt 0:02:21]} 2. Nf3 {[%emt 0:01:28]} c5 {[%emt 0:00:59]} 3. e3 {[%emt 0:01:16]} Nf6 {[%emt 0:00:48]} 4. Bd3 {[%emt 0:00:46]} Be7 {[%emt 0:00:23]} 5. O-O {[%emt 0:01:17]} O-O {[%emt 0:00:19]} 6. c4 {[%emt 0:02:41]} Nc6 {[%emt 0:03:53]} 7. Nc3 {[%emt 0:05:43]} d5 {[%emt 0:03:32]} 8. cxd5 {[%emt 0:04:06]} exd5 {[%emt 0:01:11]} 9. h3 {[%emt 0:01:23]} a6 {[%emt 0:02:24]} 10. Bd2 {[%emt 0:15:42]} Be6 {[%emt 0:08:19]} 11. Rc1 {[%emt 0:03:35]} Re8 {[%emt 0:01:47]} 12. dxc5 {[%emt 0:01:07]} Bxc5 {[%emt 0:01:12]} 13. Na4 {[%emt 0:03:49]} Bf8 {[%emt 0:06:35]} 14. Nd4 {[%emt 0:06:19]} Ne5 {[%emt 0:02:38]} 15. Nxe6 {[%emt 0:08:23]} Rxe6 {[%emt 0:01:48]} 16. Bf5 {[%emt 0:00:12]} Rc6 {[%emt 0:02:53]} 17. Bc3 {[%emt 0:01:39]} Qe8 {[%emt 0:02:54]} 18. Bd4 {[%emt 0:05:31]} g6 {[%emt 0:08:11]} 19. Bc2 {[%emt 0:04:39]} b5 {[%emt 0:03:27]} 20. Nc3 {[%emt 0:00:11]} Rac8 {[%emt 0:01:00]} 21. a3 {[%emt 0:06:05]} Bg7 {[%emt 0:01:40]} 22. Bb3 {[%emt 0:03:21]} Nc4 {[%emt 0:00:29]} 23. Rc2 {[%emt 0:01:41]} Nd6 {[%emt 0:08:21]} 24. Bxf6 {[%emt 0:01:10]} Bxf6 {[%emt 0:01:59]} 25. Nxd5 {[%emt 0:00:06]} Bg7 {[%emt 0:01:55]} 26. Rxc6 {[%emt 0:00:32]} Rxc6 {[%emt 0:00:05]} 27. Nb4 {[%emt 0:00:51]} Rb6 {[%emt 0:01:03]} 28. Qc2 {[%emt 0:00:41]} a5 {[%emt 0:06:25]} 29. Qc5 {[%emt 0:01:13]} Nc8 {[%emt 0:03:41]} 30. Nd5 {[%emt 0:00:50]} Rb8 {[%emt 0:01:32]} 31. Qc7 {[%emt 0:01:33]} Ra8 {[%emt 0:03:32]} 32. Qc2 {[%emt 0:05:04]} Qe5 {[%emt 0:02:37]} 33. Rb1 {[%emt 0:03:24]} Nd6 {[%emt 0:01:27]} 34. Qc6 {[%emt 0:00:32]} Rc8 {[%emt 0:00:55]} 35. Qd7 {[%emt 0:00:13]} Bf8 {[%emt 0:03:09]} 36. Nf4 {[%emt 0:02:32]} a4 {[%emt 0:00:27]} 37. Bxf7+ {[%emt 0:00:15]} Nxf7 {[%emt 0:04:03]} 38. Qxc8 {[%emt 0:00:05]} Nd6 {[%emt 0:01:31]} 39. Qe6+ {[%emt 0:00:41]} Qxe6 {[%emt 0:00:07]} 40. Nxe6 {[%emt 0:00:03]} Be7 {[%emt 0:00:34]} 41. b3 {[%emt 0:00:35]} Ne4 {[%emt 0:01:47]} 42. bxa4 {[%emt 0:00:15]} bxa4 {[%emt 0:00:06]} 43. Nd4 {[%emt 0:01:16]} Bxa3 {[%emt 0:01:37]} 44. Ra1 {[%emt 0:00:06]} Bb4 {[%emt 0:00:57]} 45. Rxa4 {[%emt 0:00:04]} Be7 {[%emt 0:00:35]} 46. Nc6 {[%emt 0:00:05]} 1-0

[Event "VIII Iberoamericano Mexico 2022"]
[Site "Mexico City"]
[Date "2022.02.18"]
[Round "7.48"]
[White "Jorajuria Mendoza, Algol"]
[Black "Zacarias Martinez, Daniel"]
[Result "1-0"]
[WhiteElo "2006"]
[BlackElo "1673"]
[Annotator "NA"]
[PlyCount "85"]
[EventDate "2022.02.12"]
[EventType "swiss"]
[EventCountry "MEX"]
[SourceTitle "playchess.com"]
[Source "ChessBase"]
[SourceQuality "1"]
[TimeControl "5400+30"]

1. e4 {[%emt 0:00:03]} e5 {[%emt 0:10:59]} 2. Nf3 {[%emt 0:00:08]} Nc6 {[%emt 0:00:07]} 3. Bb5 {[%emt 0:00:04]} a6 {[%emt 0:00:09]} 4. Ba4 {[%emt 0:00:05]} Nf6 {[%emt 0:00:11]} 5. d3 {[%emt 0:00:15]} d6 {[%emt 0:01:52]} 6. O-O {[%emt 0:00:52]} h6 {[%emt 0:00:14]} 7. c3 {[%emt 0:02:36]} Be7 {[%emt 0:00:24]} 8. Re1 {[%emt 0:00:28]} O-O {[%emt 0:00:30]} 9. Nbd2 {[%emt 0:03:16]} b5 {[%emt 0:00:22]} 10. Bb3 {[%emt 0:01:44]} Na5 {[%emt 0:01:30]} 11. Bc2 {[%emt 0:00:33]} c5 {[%emt 0:00:38]} 12. Nf1 {[%emt 0:01:10]} Re8 {[%emt 0:00:55]} 13. a4 {[%emt 0:06:54]} Bb7 {[%emt 0:04:36]} 14. d4 {[%emt 0:01:38]} Nc6 {[%emt 0:02:05]} 15. d5 {[%emt 0:01:39]} Nb8 {[%emt 0:01:15]} 16. Qe2 {[%emt 0:19:05]} Qb6 {[%emt 0:06:10]} 17. h3 {[%emt 0:04:25]} Nbd7 {[%emt 0:00:19]} 18. Be3 {[%emt 0:02:34]} Bf8 {[%emt 0:02:25]} 19. b4 {[%emt 0:06:27]} Reb8 {[%emt 0:18:27]} 20. N1d2 {[%emt 0:06:43]} Qc7 {[%emt 0:14:32]} 21. Ra2 {[%emt 0:03:12]} c4 {[%emt 0:01:49]} 22. Rea1 {[%emt 0:00:51]} Ne8 {[%emt 0:05:20]} 23. Nh2 {[%emt 0:08:49]} g6 {[%emt 0:01:57]} 24. Nb1 {[%emt 0:02:50]} Qd8 {[%emt 0:00:54]} 25. Na3 {[%emt 0:01:27]} Nc7 {[%emt 0:00:22]} 26. Qd2 {[%emt 0:00:49]} Kh7 {[%emt 0:03:09]} 27. Ng4 {[%emt 0:00:35]} h5 {[%emt 0:05:08]} 28. Nh2 {[%emt 0:00:32]} Be7 {[%emt 0:01:57]} 29. Nf3 {[%emt 0:01:04]} Nf6 {[%emt 0:02:51]} 30. Ng5+ {[%emt 0:02:04]} Kg8 {[%emt 0:01:19]} 31. f4 {[%emt 0:05:07]} Nd7 {[%emt 0:02:54]} 32. Nf3 {[%emt 0:00:48]} Bf6 {[%emt 0:01:50]} 33. fxe5 {[%emt 0:05:30]} Nxe5 {[%emt 0:00:11]} 34. Nd4 {[%emt 0:00:10]} Qd7 {[%emt 0:01:10]} 35. Rf1 {[%emt 0:00:47]} Bg7 {[%emt 0:00:26]} 36. Raa1 {[%emt 0:01:13]} Rf8 {[%emt 0:00:57]} 37. Bg5 {[%emt 0:00:30]} Rae8 {[%emt 0:01:55]} 38. Bf6 {[%emt 0:00:37]} Bxf6 {[%emt 0:02:57]} 39. Rxf6 {[%emt 0:00:06]} Kg7 {[%emt 0:00:17]} 40. Qg5 {[%emt 0:00:54]} Kh7 {[%emt 0:03:06]} 41. Raf1 {[%emt 0:00:54]} Re7 {[%emt 0:00:23]} 42. Nf5 {[%emt 0:00:30]} gxf5 {[%emt 0:00:38]} 43. Rh6# {[%emt 0:00:41]} 1-0